Paroles - Chanson sur ma drôle de vie - Véronique Sanson - Statistiques

Statistiques générales
  • Ce quiz a été pris 551 fois
    233 depuis la dernière actualisation
  • Le résultat moyen est 265 sur 298
Statistiques - réponses
Réponse % Correct
a
100%
de
100%
je
100%
Je
100%
que
100%
Tu
100%
tu
100%
drôle
99%
ma
99%
si
99%
Si
99%
vie
99%
et
98%
Et
98%
Me
98%
la
97%
La
97%
te
97%
des
96%
au
95%
ce
95%
moi
95%
le
94%
sais
94%
une
94%
diras
93%
pour
93%
envie
92%
J'ai
92%
j'ai
92%
Qu'est-ce
92%
fait
91%
on
91%
On
91%
aimes
90%
dans
90%
pose
90%
questions
90%
fais
89%
tour
89%
as
88%
d'amour
88%
fond
88%
parle
88%
réponds
88%
tête
88%
dit
87%
faire
87%
idées
87%
j'étais
87%
m'as
86%
problèmes
86%
ça
85%
faite
85%
les
85%
tous
85%
t'aidera
84%
avec
83%
viens
82%
donne
80%
t'aime
80%
ses
77%
même
76%
Même
76%
mènes
76%
t'emmène
76%
du
75%
jours
74%
qu'on
74%
toujours
74%
Tes
73%
Laisse
72%
bout
71%
doigts
71%
est
71%
autres
69%
emblèmes
69%
quand
66%
amoureux
65%
deux
65%
poèmes
65%
drôles
63%
parti
63%
touche
61%
verrai
60%
demanderai
57%
sûrement
53%
totems
43%
Aucun quiz correspondant
Distribution des résultats
% des personnes avec chaque résultat
Percentile par nombre de réponses
Votre historique - résultats
Vous n’avez pas pris ce quiz depuis la dernière actualisation